[Event "Muensterland Verbandsliga 0910"]
[Site "Germany"]
[Date "2010.05.08"]
[Round "9.8"]
[White "Zapf, Herbert"]
[Black "Kloetzing, Herbert"]
[Result "1-0"]
[WhiteElo "1951"]
[BlackElo "1659"]
[PlyCount "83"]
[EventDate "2009.09.26"]
[EventType "team-tourn"]
[EventRounds "9"]
[EventCountry "GER"]
[SourceTitle "EXT 2011"]
[Source "ChessBase"]
[SourceDate "2010.11.26"]
[SourceVersion "1"]
[SourceVersionDate "2010.11.26"]
[SourceQuality "1"]
[WhiteTeam "Bocholt"]
[BlackTeam "Steinfurt"]
[WhiteTeamCountry "GER"]
[BlackTeamCountry "GER"]

1. e4 e6 2. d4 d5 3. Nc3 Bb4 4. e5 c5 5. a3 Bxc3+ 6. bxc3 Qc7 7. Qg4 Ne7 8. Qxg7 Rg8 9. Qxh7 cxd4 10. Ne2 Nbc6 11. f4 Bd7 12. Qd3 dxc3 13. Rb1 Rc8 14. Rb3 Nf5 15. Rxc3 Qd8 16. g3 Qa5 17. Bd2 Qb6 18. Rb3 Qc7 19. Bh3 Nfe7 20. 0-0 b6 21. Rc1 Ng6 22. c4 d4 23. Nxd4 Na5 24. Bxa5 Nxf4 25. Qh7 Nxh3+ 26. Qxh3 Qxe5 27. Rd3 Qxa5 28. Qh7 Qg5 29. Rcd1 Ba4 30. Nb5 Bxb5 31. cxb5 Rf8 32. a4 Qc5+ 33. Kh1 Qb4 34. Rd4 Qb3 35. Qe4 Qc3 36. Qb7 Rc7 37. Rd8+ Ke7 38. Qa8 Rc8 39. Qb7+ Kf6 40. Rxc8 Qxc8 41. Rf1+ Kg7 42. Rxf7+ 1-0

[Event "Steinfurt Bezirksliga 0910"]
[Site "Germany"]
[Date "2010.01.23"]
[Round "5.1"]
[White "Schnabel, Reinhard"]
[Black "Kloetzing, Herbert"]
[Result "0-1"]
[WhiteElo "1559"]
[BlackElo "1654"]
[PlyCount "96"]
[EventDate "2009.09.12"]
[EventType "team-tourn"]
[EventRounds "9"]
[EventCountry "GER"]
[SourceTitle "EXT 2011"]
[Source "ChessBase"]
[SourceDate "2010.11.26"]
[SourceVersion "1"]
[SourceVersionDate "2010.11.26"]
[SourceQuality "1"]
[WhiteTeam "Reckenfeld II"]
[BlackTeam "Steinfurt III"]
[WhiteTeamCountry "GER"]
[BlackTeamCountry "GER"]

1. e4 e6 2. d4 d5 3. Nd2 dxe4 4. Nxe4 Bd7 5. Nf3 Bc6 6. Bd3 Nd7 7. 0-0 Ngf6 8. Bg5 h6 9. Bxf6 Nxf6 10. Re1 Be7 11. c3 Nxe4 12. Bxe4 Bxe4 13. Rxe4 c6 14. Qe2 Qc7 15. Rd1 0-0-0 16. a3 g5 17. g3 h5 18. Qe3 g4 19. Ng5 Bf6 20. h4 Rd5 21. c4 Bxg5 22. hxg5 Rf5 23. Rd2 Rf3 24. Qe1 Rg8 25. Re5 h4 26. Kg2 hxg3 27. fxg3 Rh8 28. Qe4 Rh3 29. Qxg4 Rhxg3+ 30. Qxg3 Rxg3+ 31. Kxg3 c5 32. Kf4 cxd4 33. Rxd4 Qb6 34. Rd2 a6 35. b4 Kb8 36. Rc5 e5+ 37. Rxe5 Qg6 38. c5 f6 39. Rf5 fxg5+ 40. Rxg5 Qh6 41. Rdg2 Qh4+ 42. Kf5 Qh3+ 43. R5g4 Qxa3 44. R2g3 Qb2 45. Rg8+ Kc7 46. R8g7+ Kc6 47. R7g6+ Kd5 48. Rd3+ Kc4 0-1

[Event "Steinfurt Bezirksliga 0809"]
[Site "Germany"]
[Date "2009.05.09"]
[Round "9.3"]
[White "Kloetzing, Herbert"]
[Black "Brinkmann, Franz Josef"]
[Result "0-1"]
[WhiteElo "1734"]
[BlackElo "1698"]
[PlyCount "28"]
[EventDate "2008.09.27"]
[EventType "team-tourn"]
[EventRounds "9"]
[EventCountry "GER"]
[SourceTitle "EXT 2010"]
[Source "ChessBase"]
[SourceDate "2010.11.25"]
[SourceVersion "1"]
[SourceVersionDate "2010.11.25"]
[SourceQuality "1"]
[WhiteTeam "Steinfurt II"]
[BlackTeam "Rheine Klein Berlin II"]
[WhiteTeamCountry "GER"]
[BlackTeamCountry "GER"]

1. e4 c5 2. Nf3 e6 3. d4 cxd4 4. Nxd4 Nf6 5. Nc3 d6 6. Bc4 a6 7. Qe2 Qc7 8. Bb3 Nc6 9. Be3 Be7 10. Nxc6 bxc6 11. e5 dxe5 12. Na4 Nd5 13. Bc5 Bxc5 14. Nxc5 Qa5+ 0-1

[Event "Steinfurt Bezirksliga 0809"]
[Site "Germany"]
[Date "2009.03.14"]
[Round "7.3"]
[White "Kloetzing, Herbert"]
[Black "Henschen, Daniel"]
[Result "0-1"]
[WhiteElo "1734"]
[BlackElo "1686"]
[PlyCount "46"]
[EventDate "2008.09.27"]
[EventType "team-tourn"]
[EventRounds "9"]
[EventCountry "GER"]
[SourceTitle "EXT 2010"]
[Source "ChessBase"]
[SourceDate "2010.11.25"]
[SourceVersion "1"]
[SourceVersionDate "2010.11.25"]
[SourceQuality "1"]
[WhiteTeam "Steinfurt II"]
[BlackTeam "Saerbeck II"]
[WhiteTeamCountry "GER"]
[BlackTeamCountry "GER"]

1. e4 c6 2. d4 d5 3. exd5 cxd5 4. c4 Nf6 5. Nc3 h6 6. Nf3 e6 7. c5 Be7 8. Bb5+ Bd7 9. b4 0-0 10. Bxd7 Nbxd7 11. a4 a6 12. Bf4 b6 13. 0-0 a5 14. Qb3 axb4 15. Nxd5 exd5 16. Qxd5 Ra5 17. Rfd1 bxc5 18. dxc5 Bxc5 19. Qb7 Qb6 20. Qxb6 Nxb6 21. Rdc1 Nfd7 22. Kf1 Rxa4 23. Rxc5 Rxa1+ 0-1

[Event "Muensterland Verbandsklasse-B 0708"]
[Site "Germany"]
[Date "2008.03.08"]
[Round "7.8"]
[White "Zoeke, Lars"]
[Black "Kloetzing, Herbert"]
[Result "1-0"]
[WhiteElo "1773"]
[BlackElo "1758"]
[PlyCount "47"]
[EventDate "2007.09.15"]
[EventType "team"]
[EventRounds "9"]
[EventCountry "GER"]
[SourceTitle "EXT 2009"]
[Source "ChessBase"]
[SourceDate "2008.11.26"]
[SourceVersion "1"]
[SourceVersionDate "2008.11.26"]
[SourceQuality "1"]
[WhiteTeam "Muenster SK V"]
[BlackTeam "Steinfurt"]
[WhiteTeamCountry "GER"]
[BlackTeamCountry "GER"]

1. d4 d5 2. c4 e6 3. Nc3 Nf6 4. Bg5 Nbd7 5. e3 c6 6. Nf3 Qa5 7. cxd5 exd5 8. Bd3 Ne4 9. Qc2 Nxg5 10. Nxg5 h6 11. Nh7 Bd6 12. 0-0 Qd8 13. e4 Nb6 14. exd5 Qh4 15. g3 Qxd4 16. Rad1 Nxd5 17. Be4 Qc5 18. Bxd5 cxd5 19. Rxd5 Qc7 20. Qa4+ Bd7 21. Qe4+ Kd8 22. Rfd1 Re8 23. Qd3 Re6 24. Nf8 1-0

[Event "Steinfurt Bezirksklasse 0607"]
[Site "Germany"]
[Date "2006.11.25"]
[Round "3.2"]
[White "Ulunque Villazon, Humberto"]
[Black "Kloetzing, Herbert"]
[Result "1-0"]
[WhiteElo "1592"]
[BlackElo "1774"]
[PlyCount "61"]
[EventDate "2006.09.30"]
[EventType "team-tourn"]
[EventRounds "7"]
[EventCountry "GER"]
[SourceTitle "EXT 2008"]
[Source "ChessBase"]
[SourceDate "2007.11.25"]
[SourceVersion "1"]
[SourceVersionDate "2007.11.25"]
[SourceQuality "1"]
[WhiteTeam "Saerbeck III"]
[BlackTeam "Steinfurt III"]
[WhiteTeamCountry "GER"]
[BlackTeamCountry "GER"]

1. d4 d5 2. Nf3 e6 3. e3 c5 4. c3 Nc6 5. Bd3 Nf6 6. 0-0 Bd6 7. Nbd2 Qc7 8. h3 h6 9. Qe2 Bd7 10. e4 dxe4 11. Nxe4 cxd4 12. Nxf6+ gxf6 13. cxd4 Nb4 14. Bc4 Bc6 15. a3 Nd5 16. b4 a6 17. Re1 Rg8 18. Bd2 Kd7 19. Rac1 Rae8 20. b5 axb5 21. Bxb5 Bf4 22. Bxc6+ bxc6 23. Rc2 Bxd2 24. Qxd2 Nf4 25. Ne5+ fxe5 26. dxe5+ Ke7 27. Qxf4 Rg6 28. Qb4+ Kd8 29. Rd1+ Kc8 30. Rd6 Rd8 31. Rcxc6 1-0

[Event "Steinfurt Bezirksklasse 0607"]
[Site "Germany"]
[Date "2006.10.28"]
[Round "2.2"]
[White "Kloetzing, Herbert"]
[Black "Winkelsett, Carsten"]
[Result "1-0"]
[WhiteElo "1774"]
[BlackElo "1471"]
[PlyCount "57"]
[EventDate "2006.09.30"]
[EventType "team-tourn"]
[EventRounds "7"]
[EventCountry "GER"]
[SourceTitle "EXT 2008"]
[Source "ChessBase"]
[SourceDate "2007.11.25"]
[SourceVersion "1"]
[SourceVersionDate "2007.11.25"]
[SourceQuality "1"]
[WhiteTeam "Steinfurt III"]
[BlackTeam "Reckenfeld II"]
[WhiteTeamCountry "GER"]
[BlackTeamCountry "GER"]

1. e4 e5 2. Nf3 Nc6 3. Bc4 Nf6 4. Ng5 d5 5. exd5 Nxd5 6. Nxf7 Kxf7 7. Qf3+ Ke6 8. Nc3 Nce7 9. d4 c6 10. Qe4 Kf7 11. Bg5 h6 12. Qf3+ Ke8 13. Nxd5 cxd5 14. Bxe7 Bxe7 15. Bxd5 Kd7 16. Qf5+ Kc7 17. Qxe5+ Qd6 18. Qxg7 Re8 19. Bb3 Bd7 20. 0-0 Bc6 21. Rfe1 Kb6 22. c4 Kc7 23. c5 Qf6 24. Qg3+ Kd8 25. d5 Bd7 26. c6 bxc6 27. dxc6 Qxc6 28. Rac1 Qf6 29. Qc7# 1-0

[Event "Steinfurt Bezirksklasse 0607"]
[Site "Germany"]
[Date "2006.09.30"]
[Round "1.1"]
[White "Kloetzing, Herbert"]
[Black "Raus, Christina"]
[Result "1-0"]
[WhiteElo "1774"]
[BlackElo "1267"]
[PlyCount "75"]
[EventDate "2006.09.30"]
[EventType "team-tourn"]
[EventRounds "7"]
[EventCountry "GER"]
[SourceTitle "EXT 2008"]
[Source "ChessBase"]
[SourceDate "2007.11.25"]
[SourceVersion "1"]
[SourceVersionDate "2007.11.25"]
[SourceQuality "1"]
[WhiteTeam "Steinfurt III"]
[BlackTeam "Steinfurt IV"]
[WhiteTeamCountry "GER"]
[BlackTeamCountry "GER"]

1. e4 e5 2. Nf3 Nc6 3. Bc4 Bc5 4. d3 Nf6 5. Nc3 d6 6. Be3 Bb6 7. Nd5 Nxd5 8. exd5 Ne7 9. Qe2 0-0 10. 0-0-0 Nf5 11. Bxb6 axb6 12. h4 c6 13. g4 Nd4 14. Nxd4 exd4 15. Rde1 Bd7 16. Qf3 c5 17. g5 b5 18. Bb3 b4 19. Qf4 Ba4 20. Kd2 b5 21. Re4 Qd7 22. Rhe1 Rad8 23. h5 Rde8 24. Rxe8 Rxe8 25. Rxe8+ Qxe8 26. Qxd6 Qc8 27. Bxa4 bxa4 28. Qc6 Qd8 29. f4 h6 30. d6 Kf8 31. d7 Ke7 32. Qxc5+ Kxd7 33. Qxd4+ Kc8 34. Qxd8+ Kxd8 35. gxh6 gxh6 36. Ke3 Ke7 37. Ke4 Ke6 38. d4 1-0

[Event "Muensterland Verbandsklasse-B 0506"]
[Site "Germany"]
[Date "2006.03.25"]
[Round "3.7"]
[White "Kloetzing, Herbert"]
[Black "Liebing, Ingo"]
[Result "1/2-1/2"]
[WhiteElo "1719"]
[BlackElo "1677"]
[PlyCount "47"]
[EventDate "2005.09.03"]
[EventType "team"]
[EventRounds "9"]
[EventCountry "GER"]
[SourceTitle "EXT 2006"]
[Source "ChessBase"]
[SourceDate "2005.11.24"]
[SourceVersion "1"]
[SourceVersionDate "2005.11.24"]
[SourceQuality "1"]
[WhiteTeam "Steinfurt"]
[BlackTeam "Duelmen"]
[WhiteTeamCountry "GER"]
[BlackTeamCountry "GER"]

1. e4 d5 2. exd5 Nf6 3. Bb5+ Bd7 4. Bxd7+ Qxd7 5. c4 c6 6. dxc6 Qxc6 7. Qf3 Qxc4 8. Nc3 Nc6 9. b3 Qg4 10. Bb2 Qd7 11. Ne4 Qe6 12. Bxf6 exf6 13. Ne2 Be7 14. 0-0 Qe5 15. d4 Nxd4 16. Nxd4 Qxd4 17. Rad1 Qb6 18. Qg3 0-0 19. Nd6 Bxd6 20. Rxd6 Qc7 21. Rfd1 Rad8 22. Rxd8 Rxd8 23. Qf3 Rxd1+ 24. Qxd1 1/2-1/2

[Event "Steinfurt Bezirkspokal-B"]
[Site "Germany"]
[Date "2005.12.28"]
[Round "2"]
[White "Wernsmann, Rolf"]
[Black "Kloetzing, Herbert"]
[Result "1-0"]
[WhiteElo "1723"]
[BlackElo "1719"]
[PlyCount "55"]
[EventDate "2005.??.??"]
[EventType "k.o."]
[EventRounds "3"]
[EventCountry "GER"]
[SourceTitle "EXT 2007"]
[Source "ChessBase"]
[SourceDate "2006.11.23"]
[SourceVersion "1"]
[SourceVersionDate "2006.11.23"]
[SourceQuality "1"]

1. Nf3 b6 2. g3 Bb7 3. Bg2 e6 4. 0-0 f5 5. d4 Nf6 6. c4 c5 7. e3 Be7 8. Nc3 cxd4 9. exd4 Qc7 10. b3 a6 11. d5 e5 12. Re1 d6 13. Ng5 Bc8 14. Ne6 Bxe6 15. dxe6 Ra7 16. Be3 0-0 17. Nd5 Nxd5 18. cxd5 f4 19. Rc1 Qd8 20. gxf4 exf4 21. Bd4 Rf5 22. Be4 Rg5+ 23. Kh1 Rc7 24. Rxc7 Qxc7 25. h4 Re5 26. Bxe5 dxe5 27. Qh5 Bf6 28. Qe8# 1-0

[Event "Muensterland Verbandsklasse-B 0405"]
[Site "Muensterland"]
[Date "2004.10.02"]
[Round "2.6"]
[White "Kloetzing, Herbert"]
[Black "Gesing, Felix"]
[Result "1-0"]
[WhiteElo "1749"]
[BlackElo "1521"]
[PlyCount "123"]
[EventDate "2004.09.11"]
[EventType "team"]
[EventRounds "9"]
[EventCountry "GER"]
[SourceTitle "EXT 2006"]
[Source "ChessBase"]
[SourceDate "2005.11.24"]
[SourceVersion "1"]
[SourceVersionDate "2005.11.24"]
[SourceQuality "1"]
[WhiteTeam "Steinfurt"]
[BlackTeam "Raesfeld Erle"]
[WhiteTeamCountry "GER"]
[BlackTeamCountry "GER"]

1. e4 c5 2. Nf3 d6 3. d4 cxd4 4. Nxd4 Nf6 5. Nc3 a6 6. Bc4 e6 7. Bb3 Be7 8. Be3 0-0 9. f4 Nc6 10. Qe2 Nxd4 11. Bxd4 Qc7 12. 0-0-0 e5 13. Be3 Bg4 14. Qd2 Bxd1 15. Qxd1 b5 16. g4 exf4 17. Bxf4 b4 18. Nd5 Nxd5 19. Bxd5 Rac8 20. g5 Qa5 21. Kb1 Qc5 22. h4 Qf2 23. Bc1 Rc5 24. Rf1 Qg2 25. Rg1 Qh2 26. g6 hxg6 27. Rxg6 Rfc8 28. Bb3 Rxc2 29. Rxg7+ Kxg7 30. Qg4+ Kf8 31. Bh6+ Ke8 32. Ba4+ R8c6 33. Qc8+ Bd8 34. Bxc6+ Rxc6 35. Qxc6+ Ke7 36. Qd5 Qg1+ 37. Bc1 Qg6 38. Qb7+ Ke8 39. Qxb4 d5 40. Qa4+ Kf8 41. Bg5 Bxg5 42. hxg5 Qxg5 43. Qb4+ Kg8 44. Qc5 Qd2 45. Qxd5 Qe1+ 46. Kc2 Qe2+ 47. Kc3 Qe3+ 48. Kb4 Qb6+ 49. Ka3 a5 50. b3 Kf8 51. e5 Qb4+ 52. Kb2 Ke7 53. a3 Qb6 54. Kc3 Qc7+ 55. Kd4 Qc2 56. Qc5+ Qxc5+ 57. Kxc5 Ke6 58. Kd4 Kd7 59. Kd5 Kc7 60. b4 axb4 61. axb4 Kb6 62. Kd6 1-0

[Event "Muensterland Verbandsklasse-B 0304"]
[Site "Germany"]
[Date "2004.03.06"]
[Round "7.5"]
[White "Boelker, Franz"]
[Black "Kloetzing, Herbert"]
[Result "1-0"]
[WhiteElo "1874"]
[BlackElo "1768"]
[PlyCount "47"]
[EventDate "2003.09.20"]
[EventType "team"]
[EventRounds "9"]
[EventCountry "GER"]
[SourceTitle "EXT 2005"]
[Source "ChessBase"]
[SourceDate "2004.11.15"]
[SourceVersion "1"]
[SourceVersionDate "2004.11.15"]
[SourceQuality "1"]
[WhiteTeam "Raesfeld Erle"]
[BlackTeam "Steinfurt"]
[WhiteTeamCountry "GER"]
[BlackTeamCountry "GER"]

1. d4 d5 2. c4 e6 3. Nc3 Nf6 4. Bg5 Nbd7 5. e3 c6 6. Nf3 Qa5 7. Bxf6 Nxf6 8. Nd2 Bb4 9. Qc2 0-0 10. Bd3 dxc4 11. Bxc4 Qg5 12. 0-0 Bd6 13. f4 Qh6 14. Rf3 e5 15. dxe5 Ng4 16. Rh3 Nxe3 17. Rxe3 Bc5 18. Qe4 Bf5 19. Qf3 Rad8 20. Nde4 Bg4 21. Qg3 Bxe3+ 22. Qxe3 Rfe8 23. Qg3 Be6 24. Nf6+ 1-0

[Event "Muensterland Verbandsklasse-B 0203"]
[Site "Muensterland"]
[Date "2002.09.28"]
[Round "1.6"]
[White "Kloetzing, Herbert"]
[Black "Rogowski, Friedrich"]
[Result "1-0"]
[WhiteElo "1711"]
[BlackElo "1697"]
[PlyCount "81"]
[EventDate "2002.09.28"]
[EventType "team"]
[EventRounds "9"]
[EventCountry "GER"]
[SourceTitle "EXT 2004"]
[Source "ChessBase"]
[SourceDate "2003.11.25"]
[SourceVersion "1"]
[SourceVersionDate "2003.11.25"]
[SourceQuality "1"]
[WhiteTeam "Steinfurt"]
[BlackTeam "Saerbeck Falke II"]
[WhiteTeamCountry "GER"]
[BlackTeamCountry "GER"]

1. e4 e5 2. Nf3 Nc6 3. Bc4 Nf6 4. Ng5 d5 5. exd5 Na5 6. Bb5+ c6 7. dxc6 bxc6 8. Qf3 Qb6 9. Be2 h6 10. Ne4 Nxe4 11. Qxe4 Bd6 12. Bg4 0-0 13. Bxc8 Raxc8 14. b3 f5 15. Qd3 Rcd8 16. Bb2 Bc5 17. Qe2 Bd4 18. Nc3 f4 19. 0-0-0 Qc7 20. f3 Rb8 21. Na4 Rfe8 22. Rhe1 Bxb2+ 23. Nxb2 c5 24. Nc4 Nc6 25. Qe4 Rbd8 26. Qg6 a5 27. Re4 a4 28. Rde1 axb3 29. axb3 Ra8 30. Nd6 Re7 31. Nf5 Ra1+ 32. Kb2 Rxe1 33. Rxe1 Rd7 34. Ra1 Rxd2 35. Ra8+ Rd8 36. Nxh6+ Kf8 37. Qf5+ Ke8 38. Qe6+ Kf8 39. Qg8+ Ke7 40. Qf7+ Kd6 41. Nf5# 1-0